000
00329nam a2200133Ia 4500
008
220216s9999 xx 000 0 und d
245
0
_a
Surprising saga of rubber industrys growth
260
_b
Rubber Asia 20th Anniversary Issue
300
_a
73-75
650
_a
NR
650
_a
Rubber industry
650
_a
SR
942
_c
JS
999
_c
70027
_d
70027